[Event "Penang op-B 7th"]
[Site "Penang"]
[Date "2015.12.07"]
[Round "1"]
[White "Chow, Jun Xiang Anthony"]
[Black "Ng, Wee Lok Bryan"]
[Result "0-1"]
[WhiteElo "1253"]
[BlackElo "1636"]
[PlyCount "48"]
[EventDate "2015.12.07"]
[EventType "swiss"]
[EventRounds "9"]
[EventCountry "MAS"]
[SourceTitle "CBM 170 Extra"]
[Source "ChessBase"]
[SourceDate "2016.02.25"]
[SourceVersion "1"]
[SourceVersionDate "2016.02.25"]
[SourceQuality "1"]

1. d4 Nf6 2. c4 g6 3. Nc3 Bg7 4. e4 d6 5. Be3 0-0 6. Bd3 e5 7. d5 Nbd7 8. Nge2 Nc5 9. Bc2 a5 10. 0-0 Ne8 11. Na4 Nxa4 12. Bxa4 f5 13. f3 f4 14. Bd2 g5 15. h3 h5 16. b4 axb4 17. Bxb4 g4 18. hxg4 hxg4 19. c5 g3 20. Re1 Kf7 21. c6 Qh4 22. Qc2 b6 23. Rab1 Qh2+ 24. Kf1 Ba6 0-1